[Event "Donetzk zt"]
[Site "Donetsk"]
[Date "1998.11.11"]
[Round "9"]
[White "Zontakh, Andrey"]
[Black "Romanishin, Oleg M"]
[Result "0-1"]
[WhiteElo "2540"]
[BlackElo "2600"]
[Annotator "Ribli,Z"]
[PlyCount "92"]
[EventDate "1998.11.02"]
[EventType "swiss"]
[EventRounds "11"]
[EventCountry "UKR"]
[SourceTitle "CBM 068"]
[Source "ChessBase"]
[SourceDate "1999.02.01"]
[SourceVersion "1"]
[SourceVersionDate "1999.02.01"]
[SourceQuality "1"]

1. e4 c5 2. Nf3 e6 3. d4 cxd4 4. Nxd4 a6 5. Nc3 Nc6 6. Be2 Nge7 {Das ist eine
von Taimanov in die Turnierpraxis eingeführtete Fortsetzung. Schwarz möchte 7..
.Nxd4 nebst 8...Nc6 spielen. Ribli.} 7. O-O (7. Be3 Nxd4 8. Qxd4 b5 9. O-O Nc6
10. Qd2 Be7 11. f4 d6 12. f5 O-O 13. fxe6 Bxe6 14. a4 b4 15. Nd5 a5 16. Bc4 Ne5
17. Bb3 Rc8 18. Bb6 Qd7 19. Bd4 Bd8 {1/2-1/2 Polzin,R-Romanishin,O/Dresden
1998/EXT 99 (30)}) (7. Nb3 $5 {Auf diese Weise verhindert Weiß die schwarze
Idee und der e7-Springer muß nach g6 (in einigen Varianten nach c8) ziehen.})
7... Nxd4 8. Qxd4 Nc6 9. Qd3 Qc7 {[%csl Gc7][%cal Gc7g3] [#]Weiß hat
Entwicklungsvorsprung, aber Schwarz hat keine Schwächen und kann in
Abhängigkeit vom weißen Spiel die Entwicklung beenden. Der Textzug ist gegen
10.Qg3 und 10.Bf4 gerichtet.} (9... d6 10. Qg3 $14 {[%csl Gg3] Und Schwarz hat
Schwierigkeiten mit der Entwicklung des Königsflügels.}) 10. Kh1 (10. Bg5 Bd6
11. Kh1 b5 12. Rad1 Bf4 $1 {[#]} 13. Bxf4 Qxf4 14. g3 Qc7 15. f4 O-O 16. Bf3 f6
17. a4 b4 18. Nd5 Qa7 19. Ne3 a5 20. Rfe1 Nd8 21. Qd4 Nb7 22. Qxa7 Rxa7 23. Nc4
Nc5 24. b3 Bb7 $11 {Hellers,F-Hansen,C/Aarhus 1997/Inf 70 (24)}) 10... Be7 11.
f4 b5 {Das ist die Eigenheit des Paulsen-Systems. Schwarz spielt (noch) nicht .
..d7-d6, denn vielleicht kann er, wie später in der Partie, sofort ...d7-d5
ziehen, aber in einigen Varianten bleibt der d-Bauer auf d7 schwach.} 12. Qg3
O-O 13. Be3 Bb7 $11 {Schwarz kann mit dem Ergebnis der Eröffnung zufrieden
sein. Er hat keine Entwicklungsprobleme und wegen der Dame auf c7 kann Weiß
nicht mit f4-f5 angreifen, während Schwarz seine Chancen am Damenflügel
bekommt.} 14. a3 $6 {Weiß sichert seinen c3-Springer gegen ...b5-b4, aber
dieser Zug scheint mir passiv.} (14. Bd3 $5 Na5 (14... Nb4 15. a3 Nxd3 16. cxd3
$11 {Schwarz hat das Läuferpaar und eine bequene Stellung, aber die Wirkung
des b7-Läufers ist wegen der starken Bauernkette Pd3 / Pe4 eingeschränkt.}) 15.
Rad1 Nc4 16. Bc1 $11) 14... Na5 15. Rad1 Nc4 16. Bc1 {[%csl Gc4]} Rad8 {
Schwarz bereitet den Bauernvorstoß ...d7-d5 vor.} 17. Rd3 d5 $1 $15 18. exd5 (
18. Bf3 dxe4 19. Bxe4 Nd6 $5 20. Bxb7 Qxb7 $15 {[%cal Gd6f5]}) (18. e5 $2 d4
19. Nb1 Be4 $17 {[%cal Re4b1]}) 18... exd5 {[%csl Gd5] Der d5-Bauer ist nicht
schwach, sondern der Stolz der schwarzen Stellung. Jetzt oder später kommt ...
d5-d4 mit aktivem schwarzem Spiel.} 19. Rfd1 Bf6 {[#]} 20. Bf3 $6 {Nach diesem
Zug bleibt die weiße Stellung passiv. Es wäre besser, den d5-Bauern zu nehmen.}
(20. Nxd5 Bxd5 21. Rxd5 Rxd5 22. Rxd5 Nxb2 $15 {[%csl Rc2][%cal Rc7c2]}) 20...
d4 21. Ne2 (21. Bxb7 dxc3 $5 {[%cal Rc7b7,Rc3b2]} (21... Qxb7 22. Ne2 Qe4 {
[%csl Ge4]} (22... Nd6 $5 {[%cal Gd6f5]} 23. Nxd4 $2 Bxd4 24. Rxd4 Nf5 25. Rxd8
Nxg3+ $15) 23. Qf3 Qxf3 24. Rxf3 Rfe8 $15) 22. b3 Rxd3 23. Qxd3 Nb2 {[%cal
Rb2d3,Rb2d1]} 24. Bxb2 cxb2 $17 {[%csl Gb2,Gf6]} 25. Bxa6 $2 Rd8 26. Qe2 Rxd1+
27. Qxd1 Qxf4 $19 {[%csl Gb2][%cal Rf4c1]}) (21. Ne4 Bxe4 22. Bxe4 Nd6 $17 {
[%cal Rd6e4,Rc7c2]}) 21... Nd6 {[%cal Gd6f5]} (21... Rfe8 $2 22. Bxb7 Qxb7 23.
Nxd4 $14) 22. Bxb7 Nxb7 $1 {[%cal Rb7c5,Rc5e4,Rc7c2]} (22... Qxb7 $5 $15 {
Dieser Zug ist auch möglich, aber die Partiefortsetzung ist viel stärker.}) 23.
b4 {Guter Rat ist schon teuer. Weiß gibt den c2-Bauern auf und verhindert 23...
Nc5.} (23. Nxd4 Nc5 $17 {[%csl Rd3] Schwarz gewinnt Material, denn nach 24.
R3d2 kommt 24...Ne4.}) 23... Qxc2 $17 {[%csl Gc2,Gd4] Schwarz hat nicht nur
einen Bauern mehr, sondern auch eine aktive Stellung. Die Verwertung ist aber
noch nicht so leicht, denn Weiß hat eine Blockadestellung.} 24. Qf3 (24. Nxd4
$4 Bxd4 25. Rxd4 Qxd1+ $19 (25... Rxd4 26. Rxd4 Qxc1+ $19)) 24... Rfe8 {
[%cal Re8e2,Rc2e2]} 25. Ng3 Nd6 {[%cal Gd6c4]} 26. f5 (26. Nh5 Ne4 27. Nxf6+ (
27. Re1 Nf2+ $19 (27... Qxd3 28. Qxd3 Nf2+ $19)) 27... Nxf6 $17) 26... Qc8 27.
Qg4 (27. Nh5 Nxf5 28. Nxf6+ gxf6 $17 {Die schwarze Königsstellung ist ein
wenig schwach, aber das ist angesichts der zwei Mehrbauern nicht so bedeutend.}
) 27... Qc6 28. Bg5 (28. Nh5 Ne4 {[%cal Re4f2,Ge4f6,Re4c3]} 29. Kg1 Nc3 30.
Nxf6+ Qxf6 31. Bg5 Nxd1 $1 32. Rxd1 (32. Bxf6 Re1#) 32... Qe5 33. Bxd8 Qe3+ (
33... Rxd8 $17) 34. Kf1 (34. Kh1 Qe1+ $19) 34... Rxd8 $17 (34... d3 35. Qf3
Qxf3+ 36. gxf3 Rxd8 $17)) 28... Ne4 {[%cal Re4f2,Rf2h1,Rf2g4,Rf2d1,Gf2d3]} 29.
Nxe4 Rxe4 30. Qg3 (30. Bf4 Be5 31. Qh4 Re8 $19) 30... Bxg5 31. Qxg5 f6 {
Schwarz hat eine sehr chancenreiche Stellung. Der d4-Bauer ist stark und seine
Figuren sind aktiv. Weiß kann nur abwarten und hat keine Hoffnung auf
Gegenspiel.} 32. Qg3 Qd5 {[%cal Rd5f5]} 33. Qf3 Qe5 {[%cal Re5e1,Re1h1]} 34. g3
(34. h3 Rc8 $17) 34... Rc8 {[%cal Rc8c2]} 35. R1d2 h6 {Schwarz muß sich nicht
beeilen. Er hat viel Zeit für die Verwertung des Vorteils.} 36. Kg2 Kh8 {
Schwarz macht ein paar Wartezüge, um vor der Zeitkontrolle keine
verpflichtenden Entscheidungen zu treffen.} 37. h4 Rc1 38. Kh3 Rc4 (38... Re3
39. Rxe3 Qxe3 (39... dxe3 $2 40. Rd8+ Kh7 41. Qg4 Rh1+ 42. Kg2 $18) 40. Qxe3
dxe3 41. Ra2 $17 (41. Re2 Rc3 $17) (41. Rd8+ Kh7 42. Re8 Rc3 $19 {[%cal Rc3a3]}
)) (38... Rce1 $17 {[%cal Re1e3] So spielt Schwarz sechs Züge später mit König
auf h7.}) 39. Kg2 Kh7 40. Kf2 Kg8 41. Kg2 Kh8 {Schwarz unternimmt nichts vor
Erreichen der Zeitkontrolle. Er hat die Gewinnstellung fest in der Hand und
möchte erstmal nur die Zeitnot überstehen.} 42. Kh3 Kh7 43. Kg2 Rc1 44. Kh3
Rce1 $1 {Endlich findet Schwarz die richtige Fortsetzung.} 45. Rc2 R1e3 $19 {
Der Turm auf der dritten Reihe entscheidet die Partie sofort.} 46. Rxe3 (46.
Rc5 Rxf3 47. Rxe5 Rxg3+ 48. Kxg3 fxe5 $19) 46... Rxe3 {Und Weiß gab auf.} (
46... Rxe3 47. Qf2 Rxg3+ 48. Qxg3 Qxf5+ 49. Qg4 Qxc2 $19) 0-1

[Event "Sonnevanck 3rd"]
[Site "Wijk aan Zee"]
[Date "1993.??.??"]
[Round "1"]
[White "Kuijf, Marinus"]
[Black "Van Mil, Johan"]
[Result "1-0"]
[WhiteElo "2445"]
[BlackElo "2435"]
[Annotator "Ribli,Z"]
[PlyCount "79"]
[EventDate "1993.??.??"]
[EventType "tourn"]
[EventRounds "9"]
[EventCountry "NED"]
[EventCategory "10"]
[SourceTitle "CBM 040"]
[Source "ChessBase"]
[SourceDate "1994.06.01"]
[SourceVersion "1"]
[SourceVersionDate "1994.06.01"]
[SourceQuality "1"]

1. e4 c5 2. Nf3 e6 3. d4 cxd4 4. Nxd4 Nc6 5. Nc3 a6 6. Be2 Nge7 7. Nf3 b5 (7...
Ng6 $6 8. h4 $1 $14 {Tischbierek,R-Van Mil,J/Kecskemet/1984/INF37,195/}) 8. O-O
Ng6 9. Re1 d6 (9... Be7 $5 10. a4 b4 11. Na2 O-O 12. Bd2 d5 13. exd5 Qxd5 $10)
10. a4 b4 11. Na2 Rb8 12. Bd2 Be7 13. c3 bxc3 (13... b3 $6 14. Nb4 Nxb4 15.
cxb4 d5 16. exd5 Qxd5 17. b5 axb5 18. Bxb5+ Bd7 19. Bxd7+ Qxd7 20. Bc3 Qxd1 21.
Rexd1 $14) 14. Bxc3 O-O 15. b4 Bb7 16. b5 axb5 17. Bxb5 Ba8 18. Qd2 Qb6 19. Nb4
Nxb4 (19... Rfc8 $5) 20. Bxb4 Rfc8 21. Rad1 Bc6 22. Nd4 Bxb5 23. Nxb5 Rc4 (
23... Ne5 $5 24. Bxd6 Nc4 25. Qf4 Nxd6 26. Nxd6 Bxd6 27. Qxd6 (27. Rxd6 Qa5 $10
) 27... Qxd6 28. Rxd6 Rc4 29. a5 Ra4 (29... Rxe4 30. Ra1 Ra4 31. Rdd1 Rxa1 32.
Rxa1 Ra8 33. Kf1 Kf8 34. Ke2 Ke7 35. Kd3 Kd6 36. Kc4 Kc6 $10) 30. a6 Ra8 $10)
24. Bxd6 $1 Bxd6 25. Nxd6 Rb4 (25... Rxa4 26. Nxf7 Kxf7 27. Qd7+ $18) 26. Qc3
Rb2 (26... Rxa4 $5 27. Nc8 Qb4 $1 28. Qc7 (28. Rd8+ Nf8 29. Ne7+ Kh8 $10) 28...
h6 $10) 27. Rf1 Rb3 28. Qc1 Qb4 (28... h6 $5) 29. Qc7 Rf8 30. a5 Ra3 31. Ra1
Nf4 32. a6 Rc3 33. Qe7 Qc5 34. a7 Rh3 35. Qxf8+ Kxf8 36. a8=Q+ Ke7 37. Qa7+
Qxa7 38. Rxa7+ Kxd6 39. gxh3 Nxh3+ 40. Kh1 1-0

[Event "USA-ch"]
[Site "Long Beach"]
[Date "1993.??.??"]
[Round "4"]
[White "Benjamin, Joel"]
[Black "Christiansen, Larry Mark"]
[Result "1/2-1/2"]
[WhiteElo "2620"]
[BlackElo "2555"]
[Annotator "Ribli,Z"]
[PlyCount "82"]
[EventDate "1993.12.??"]
[EventType "tourn"]
[EventRounds "11"]
[EventCountry "USA"]
[EventCategory "14"]
[SourceTitle "CBM 039"]
[Source "ChessBase"]
[SourceDate "1994.04.01"]
[SourceVersion "1"]
[SourceVersionDate "1994.04.01"]
[SourceQuality "1"]

1. e4 {Bulletin} c5 2. Nf3 e6 3. d4 cxd4 4. Nxd4 Nc6 5. Nc3 a6 6. Be2 Nge7 7.
O-O (7. f4 $5) (7. Be3 $5) 7... Nxd4 8. Qxd4 Nc6 9. Qd3 Qc7 10. Bg5 Bd6 $5 11.
Kh1 (11. Qh3 $5) 11... h6 (11... b5 $6 12. Rad1 Be5 13. f4 f6 14. fxe5 fxg5 15.
Bh5+ g6 16. Qf3 Qxe5 17. Bg4 Nd8 18. Nd5 $36 {Kuijf,M-Van Mil,J/Wijk aan
Sonnevanck/1992/EXP33/}) (11... f6 {Bulletin is the alternative, weakening the
kingside but discouraging the advance of White's e-pawn.} 12. Be3 b5 13. f4 Be7
14. e5 O-O 15. exf6 Rxf6 16. f5 Bb7 17. Bg5 Rff8 18. Bxe7 Nxe7 {was seen in
Nijboer-Van Mil, in the Dutch Championship this year.}) 12. Be3 b5 13. f4 Bb7
14. Bb6 $1 Qxb6 15. Qxd6 Rc8 16. Rad1 Qc7 17. Qd2 O-O (17... Rd8 {Bulletin} 18.
Bxb5 axb5 19. Nxb5 Qb6 20. Nd6+ Ke7 21. Qc3 f6 22. Qa3 $5) 18. Qxd7 Qb6 19. Qd2
Na5 20. f5 Nc4 21. Bxc4 Rxc4 22. fxe6 $6 (22. f6 $5 {Bulletin was an
aggressive alternative.}) 22... Qxe6 (22... fxe6 {Bulletin} 23. Rxf8+ Kxf8 24.
Qf4+ $1 {and Black's king is in a heap of trouble.}) 23. b3 Rc5 24. Qd4 Re5 25.
Qd7 Ba8 (25... Bxe4 26. Qxe6 Rxe6 27. Nxe4 Rxe4 28. Rd6 Re2 $10) 26. Qxe6 Rxe6
27. Rd4 Rc8 28. Rf3 Rec6 29. h3 Rxc3 30. Rxc3 Rxc3 31. Rd8+ Kh7 32. Rxa8 Rc6
33. a4 bxa4 34. bxa4 h5 $10 35. Ra7 f6 36. Kh2 h4 37. a5 Kh6 38. Kg1 g6 39. Rb7
Rxc2 40. Rb6 Kg5 41. Rxa6 Ra2 1/2-1/2

[Event "Tilburg"]
[Site "Tilburg"]
[Date "1993.??.??"]
[Round "2"]
[White "Rogers, Ian"]
[Black "Razuvaev, Yuri S"]
[Result "1/2-1/2"]
[WhiteElo "2595"]
[BlackElo "2560"]
[Annotator "Ribli,Z"]
[PlyCount "158"]
[EventDate "1993.11.??"]
[EventType "k.o."]
[EventRounds "7"]
[EventCountry "NED"]
[SourceTitle "CBM 039"]
[Source "ChessBase"]
[SourceDate "1994.04.01"]
[SourceVersion "1"]
[SourceVersionDate "1994.04.01"]
[SourceQuality "1"]

1. e4 c5 2. Nf3 Nc6 3. d4 cxd4 4. Nxd4 e6 5. Nc3 a6 6. Nxc6 bxc6 7. Bd3 d5 8.
O-O Nf6 9. Re1 Be7 10. e5 Nd7 11. Qg4 Kf8 12. Bd2 Nc5 (12... h5 13. Qf3 Bg5 14.
Qe2 $14 {Horvath,Jo-Van Mil,J/Budapest Noviki/1989/CBM15/INF48,(246)/}) 13. Na4
h5 (13... Nxd3 $2 14. cxd3 $16) 14. Qd4 Nxa4 15. Qxa4 c5 16. c4 $1 g6 17. Rad1
Kg7 18. Ba5 Qe8 19. Qc2 Bb7 (19... d4 20. Be4 Rb8 21. Rd3 $14) 20. cxd5 Bxd5 (
20... exd5 21. e6 $16) 21. b3 h4 22. h3 Rh5 23. Be4 Qb5 (23... Bd8 24. Bxd8
Rxd8 25. Qxc5 Bxe4 26. Rxd8 Qxd8 27. Rxe4 Qd1+ 28. Kh2 $18) 24. Qc3 Bd8 25.
Bxd8 Rxd8 26. Bxd5 exd5 (26... Rxd5 27. Rxd5 exd5 28. e6+ (28. Qf3 Qc6 $1)
28... d4 29. Qf3 Rf5 30. Qg4 $16) 27. Rc1 Re8 28. Qxc5 Qxc5 29. Rxc5 Rhxe5 30.
Rxe5 Rxe5 31. Kf1 $16 Re6 32. Rxd5 f6 33. f4 $6 (33. Rd2 Kf7 34. Re2 Rc6 35.
Ke1 Rc1+ 36. Kd2 Rg1 37. f3 $16) 33... f5 34. Rd7+ Kf6 35. Rd4 (35. Rh7 Rc6 36.
Rxh4 Rc1+ 37. Kf2 Rc2+ 38. Kg1 Kg7 $10) 35... g5 36. fxg5+ Kxg5 37. Kf2 Rc6 38.
Rc4 Rd6 39. Ke2 Re6+ 40. Kf2 (40. Kd2 Rd6+ 41. Kc2 Re6 42. Rd4 Re2+ 43. Rd2 Re1
44. b4 Kf4 45. a4 Kg3 46. Kb3 f4 47. b5 axb5 48. axb5 f3 49. gxf3 Kxh3 $10)
40... Rd6 41. Rc2 Kf4 42. a4 a5 $1 43. Rc4+ Kg5 44. Ke2 Rb6 45. Rc3 Kf4 46. Kf2
Rb8 47. Kg1 Rd8 48. Kh2 Rb8 49. Rc4+ Kg5 50. Rc3 Kf4 51. Rc4+ Kg5 52. Rc5 Rxb3
53. Rxa5 Ra3 $10 54. Ra8 Kf4 55. a5 Ra1 56. a6 Ra2 57. a7 Ra1 58. Rh8 Rxa7 59.
Rxh4+ Kg5 60. Rb4 Ra3 61. h4+ Kh5 62. g3 Ra2+ 63. Kh3 Ra3 64. Kg2 Kg6 65. Rb6+
Kg7 66. Kf2 Kf7 67. Rb1 Kg6 68. Re1 Kf6 69. Re3 Ra1 70. Rb3 Ra4 71. Kf3 Kg6 72.
Rb6+ Kf7 73. h5 Kg7 74. Rg6+ Kf7 75. Kg2 Rb4 76. Kh3 Ra4 77. Rb6 Kg7 78. h6+
Kh7 79. Rf6 Rb4 1/2-1/2

[Event "Dortmund SuperGM 27th"]
[Site "Dortmund"]
[Date "1999.07.10"]
[Round "1"]
[White "Adams, Michael"]
[Black "Timman, Jan H"]
[Result "1-0"]
[WhiteElo "2708"]
[BlackElo "2650"]
[Annotator "Ribli,Z"]
[PlyCount "89"]
[EventDate "1999.07.10"]
[EventType "tourn"]
[EventRounds "7"]
[EventCountry "GER"]
[EventCategory "19"]
[SourceTitle "CBM 072"]
[Source "ChessBase"]
[SourceDate "1999.10.01"]
[SourceVersion "1"]
[SourceVersionDate "1999.10.01"]
[SourceQuality "1"]

{[%mdl 8224]} 1. e4 c5 2. Nf3 Nc6 3. d4 cxd4 4. Nxd4 e6 5. Nc3 a6 {Häufiger
sind die Alternativen 5...Nf6, 5...Qc7 und 5...d6, aber auch der Textzug ist
gut spielbar. Ribli.} 6. Nxc6 {Das ist die prinzipielle Fortsetzung. Weiss
strebt schnelle Figurenentwicklung an.} bxc6 7. Bd3 Qc7 {Schwarz möchte 8...
Nf6 spielen und nimmt vorher e4-e5 aus der Stellung.} 8. O-O {Weiss hat
Entwicklungsvorsprung, aber Schwarz eine starke Bauernmasse im Zentrum.
Schwarz entwickelt seine Figuren in Abhängigkeit vom weissen Spiel, was eine
Hauptidee der Paulsen Variante ist.} Nf6 9. f4 d5 (9... d6 {Das ist die andere
Hauptmöglichkeit für Schwarz. Er lässt ...Be7, ...0-0 und Bb7 folgen.}) 10. Kh1
$5 {Ein immer ein guter prophylaktischer Zug.} (10. Qf3 Bb7 $1 11. Bd2 (11. Kh1
Be7 12. b3 d4 13. Nd1 c5 14. Nf2 O-O 15. Qh3 Nd7 16. Bd2 a5 17. e5 g6 18. Ng4
a4 $13 {1-0 Winawer,S-Paulsen,L/Berlin 1881/HCL (32)}) 11... c5 $1 12. exd5 c4
13. Be4 exd5 14. Bf5 {0-1 Walther,E-Tal,M/Zuerich 1959/MCL/[Bulletin] (30)} (
14. Bxd5 Qc5+ 15. Be3 Bxd5 16. Rae1 Qc6 $1 17. Bd4+ Kd7 $19)) (10. e5 Nd7 11.
Na4 Nb6 $5 (11... g6 12. c4 Nc5 13. Be3 Nxa4 14. Qxa4 Qd7 15. Rac1 Be7 16. cxd5
cxd5 17. Qd4 O-O 18. Rc2 Rb8 19. a3 Bd8 20. Qc3 Qa4 21. f5 exf5 22. Bh6 d4 23.
Qc5 Re8 24. e6 {1-0 Sax,G-Timman,J/Amsterdam 1983/MCD (30)}) 12. Nxb6 Qxb6+ 13.
Kh1 g6 14. b3 a5 15. Qe1 h5 16. Be3 c5 17. Bf2 Be7 18. Bh4 Qd8 19. Bxe7 Qxe7
20. a3 Bb7 {1/2-1/2 Adams,M-Lobron,E/Munich 1993/CBM 36 (39)}) (10. Qe2 Be7 11.
e5 Nd7 12. Na4 Nb6 $5 13. Nxb6 Qxb6+ 14. Kh1 O-O 15. c4 g6 16. cxd5 cxd5 17.
Be3 Bc5 18. Bxc5 {1/2-1/2 Huebner,R-Timman,J/Novi Sad 1990/TD (18)}) 10... Be7
(10... Bb7 $5) 11. e5 {Es ist nicht so gewoenlich,dass mann hat geschlossene
Zentrumstellung in der Sizilianische Verteidigung.Weiss hat Raumvorteil,aber
Schwarz kann einerseits seinen c-Bauern mit c5 mobilisieren,anderseits mit
f7-f6 sprengen.Ribli.} (11. Qf3 O-O (11... Bb7 {- 53/174}) 12. Bd2 Nd7 13. Na4
(13. f5 $5) 13... Bb7 14. c4 dxe4 15. Bxe4 (15. Qxe4 Nf6 16. Qe2 c5 $11) 15...
f5 16. Bc2 c5 17. Qe3 Qc6 18. Rf2 Rae8 19. Bc3 Nf6 $15 {0-1 Nijboer,
F-Poluljahov,A/Cappelle la Grande 1997/CBM 57 ext (28)}) 11... Nd7 12. Na4 {
Ein typischer Plan. Weiss bereitet 13.c4 ovr.} (12. Qg4 g6 13. Qh3 Bb7 14. Na4
c5 15. c4 d4 16. Bd2 Bc6 17. b3 h5 18. Nb2 Qb7 19. Ba5 Kf8 {1/2-1/2 Mantovani,
R-Farago,I/Saint Vincent 1998/EXT 99 (19)}) (12. Qe2 O-O 13. Bd2 Nc5 (13... g6
14. Na4 c5 15. c4 Bb7 16. Rac1 $14) {[#]} 14. Bxh7+ {Das ist ein
Schlüsselmotiv in dieser Variante, aber bei gutem Spiel kann Schwarz das
Gleichgewicht halten.} Kxh7 15. Qh5+ Kg8 16. Rf3 f5 17. Rh3 Qd7 $5 18. Rg1 Qe8
19. Qh7+ Kf7 20. g4 Rg8 21. gxf5 exf5 22. Rhg3 Bf8 23. Qg6+ Ke7 24. Qd6+ Kf7
$11) 12... c5 13. c4 d4 $11 {Weiss kann in der langen Diagonalen die
weissfeldrigen Läufer tauschen und den gedeckten Freibauern d4 später mit
b3-Nb2-Nd3 blockieren.} 14. Be4 Bb7 15. Qf3 Bxe4 (15... Rb8 16. b3 Bxe4 17.
Qxe4 Qb7 $11) 16. Qxe4 Rc8 {Schwarz bereitet 17...Qc6 vor. Er möchte die Damen
tauschen.} 17. b3 Qc6 18. Qe2 (18. Qxc6 Rxc6 $11) 18... O-O 19. Bd2 {Die
Läuferentwicklung nach b2 wäre schlecht, denn dort wird Platz für den Springer
benötigt.} f5 (19... f6 20. exf6 Bxf6 $11) 20. exf6 {Wenn Weiss den Bauern
nicht nimmt, kann Schwarz eventuell ...Qe4 spielen oder nach weiterer
Vorbereitung ...g7-g5 ziehen.} Bxf6 21. Rae1 e5 {Schwarz befreit sich von der
Bauernschwäche e6.} 22. fxe5 Nxe5 (22... Bxe5 23. Nb2 $11 {[%csl Yd3][%cal
Gb2d3]}) 23. Kg1 {Weiss bereitet sich auf das Endspiel vor.} Rfe8 {[%cal Ge8e2]
} 24. Qe4 Re7 (24... Qxe4 25. Rxe4 Nd3 26. Rxe8+ Rxe8 27. Rf3 $14) 25. Qxc6 (
25. Qd5+ Qxd5 26. cxd5 Kf7 $11) 25... Rxc6 26. Rf2 {[%cal Gf2e2,Ge1e7] Der
c5-Bauer ist ein wenig schwach, aber mit gutem Spiel kann Schwarz das
Gleichgewicht halten.} Bh4 $5 {[%cal Rh4e1] Ein guter positioneller Zug.
Schwarz provoziert den Zug 27.g3 und schwächt damit den weissen Königsflügel.}
27. g3 Bf6 (27... Nd3 $5 {[%cal Rd3e1,Rd3f2]} 28. Rxe7 Bxe7 29. Rf3 Ne5 $11)
28. Kg2 Kf7 29. Re4 Nd3 30. Rfe2 (30. Rxe7+ Kxe7 $11) 30... g5 (30... Rxe4 31.
Rxe4 $11) (30... Rce6 31. Rxe6 Rxe6 32. Rxe6 Kxe6 $11) 31. Kf1 $5 {Ein
schlauer Zug. Weiss verhindert die schwarze Turmverdoppelung in der e-Linie,
denn er kann in diesem Fall nach Tauschen Ke2 spielen.} h6 32. h3 Re5 (32...
Rce6 $2 33. Rxe6 Rxe6 34. Rxe6 Kxe6 35. Ke2 $16) 33. Rxe5 Bxe5 34. Rg2 {
[%cal Gf1e2] Weiss bereitet den Zug 35.Ke2 vor, nach dem der stolze schwarze
Springer gehen muss.} Bc7 35. Ke2 Ne5 36. Rf2+ Ke7 (36... Ke6 37. Rf8 $14) 37.
Rf5 {[%csl Gf5]} Nd7 38. Kf3 {[%cal Gf3e4]} Ke6 39. g4 {Meines Erachtens ist
die Stellung gleich, aber Weiss entfaltet etwas Initiative und kontrolliert
die weissen Felder.} Bd6 40. Ke4 Nf6+ $2 {Wie so häufig ist der letzte Zug vor
der Zeitkontrolle der entscheidende Fehler.} (40... Bc7 $11) {[#]} 41. Rxf6+ $1
$16 {Eine schöne kleine Kombination, die den König auf d5 eindringen lässt.}
Kxf6 42. Kd5 {[%cal Rd5c6,Rd5d6]} Bf4 $8 43. Kxc6 Bxd2 44. Nxc5 $18 {[%cal
Rc5e4,Re4d2,Re4f6,Gc5d3] Der Springer steht ausgezeichnet auf c5, denn es
droht 45.Ne4+ mit Figurengewinn und 45.Nd3 mit Blockade des d-Bauern.} Ke5 45.
b4 $1 {und Schwarz gab auf.} (45. b4 Bxb4 46. Nd3+ $18 {[%cal Rd3b4,Rd3e5]})
1-0